Größte Orte in Schleswig-Holstein A-Z - Statistiken

Allgemein
  • Dieses Quiz wurde 83 mal gespielt
  • Das Durchschnittsergebnis liegt bei 13 aus 24
Antwortstatistiken
Kreis Einwohnerzahl Ort % Korrekt
K kreisfrei 248.873 Kiel
99%
F kreisfrei 92.667 Flensburg
97%
L kreisfrei 219.044 Lübeck
97%
P keine Hinweise, das wäre sonst zu einfach 44.756 Pinneberg
96%
R keine Hinweise, das wäre sonst zu einfach 30.545 Rendsburg
93%
I Steinburg 32.319 Itzehoe
81%
E Pinneberg 50.728 Elmshorn
79%
Q Pinneberg 22.339 Quickborn
79%
N Segeberg 82.719 Norderstedt
76%
S keine Hinweise, das wäre sonst zu einfach 25.904 Schleswig
76%
A Stormarn 34.601 Ahrensburg
68%
M Herzogtum Lauenburg 19.566 Mölln
58%
W Pinneberg 34.617 Wedel
51%
B Stormarn 25.104 Bad Oldesloe
49%
O Ostholstein 9.983 Oldenburg in Holstein
49%
G Herzogtum Lauenburg 32.763 Geesthacht
47%
T Pinneberg 14.606 Tornesch
39%
U Pinneberg 18.776 Uetersen
35%
H Segeberg 28.375 Henstedt-Ulzburg
32%
V Nordfriesland 2.261 Viöl
13%
D Herzogtum Lauenburg 3.398 Dassendorf
8%
Z Stormarn 1.466 Zarpen
7%
J Rendsburg-Eckernförde 3.406 Jevenstedt
6%
C Rendsburg-Eckernförde 226 Christiansholm
3%
Keine übereinstimmenden Quizze gefunden
Verteilung der Resultate
Anzahl Personen mit jedem Resultat
Perzentil nach korrekt beantworteten Fragen
Ihre Resultats-Entwicklung
Sie haben dieses Quiz noch nicht gespielt